000 00646cam a2200229 a 4500
008
020 _a090811180 (pbk.)
049 _aMAIN
090 _aBF121
_bSHA
100 1 _aSharpe, Peter.
245 1 0 _aLiving psychology /
_cPeter Sharp @ SWusanne Ross.
260 _aVictoria :
_bSribe Publications ,
_c[2005]
300 _a340 p. :
_bill. ;
_c28 cm.
500 _aIncludes index.
504 _aIncludes bibliographical references.
650 0 _aPsychology.
907 _a.b10370948
_b02-03-16
_c02-03-16
003
005 20230123122211.0
040 _cNUST
942 _cBOOKS
_kBF121
_mSHA
999 _c129559
_d129559